[Event "PRO League Eastern 2017"]
[Site "chess.com INT"]
[Date "2017.01.18"]
[Round "2"]
[White "Colovic, Aleksandar"]
[Black "Mihok, Oliver"]
[Result "1/2-1/2"]
[WhiteTitle "GM"]
[BlackTitle "GM"]
[WhiteElo "2443"]
[BlackElo "2505"]
[WhiteTeam "Belgrade Sparrows"]
[BlackTeam "Budapest Gambit"]
[WhiteFideId "15000729"]
[BlackFideId "728012"]
[EventDate "2017.01.11"]

1. e4 c5 2. Nf3 e6 3. d4 cxd4 4. Nxd4 Nc6 5. Nc3 Qc7 6. g3 a6 7. Bg2 h5 8. Nb3
h4 9. f4 d6 10. Be3 b5 11. Qe2 Bb7 12. O-O-O Nf6 13. g4 Rc8 14. g5 Nd7 15. Qf2
Be7 16. g6 Bf6 17. gxf7+ Kxf7 18. e5 dxe5 19. Ne4 Nd4 20. Nxd4 exd4 21. Bxd4
Bxe4 22. Bxe4 Bxd4 23. Rxd4 Nf6 24. f5 e5 25. Bd5+ Kf8 26. Rd2 Qc5 27. Qf3 Nxd5
28. Qxd5 Qxd5 29. Rxd5 Re8 30. Re1 e4 31. Kd2 Rh5 32. Ke3 Rg5 33. Re2 Kf7 34.
Kf4 Rg1 35. Rd7+ Kf8 36. Rc7 h3 37. Re3 Rf1+ 38. Kg4 Rg1+ 39. Kxh3 Rg5 40. Ra7
a5 41. a4 bxa4 42. Rxa5 Kf7 43. Ra7+ Kf6 44. Ra6+ Kf7 45. Rg3 Rxf5 46. Ra7+ Kf6
47. Ra6+ Ke5 48. Rxa4 Rf2 49. Rg4 Rh8+ 50. Kg3 Rhxh2 51. Raxe4+ Kd6 52. Rd4+ Kc6
53. Rc4+ Kd6 54. Rgd4+ Ke6 55. Re4+ Kd6 56. Rcd4+ Kc6 57. Rc4+ Kd6 58. Rcd4+ Kc6
59. Rc4+ Kd6 60. Rcd4+ 1/2-1/2

[Event "PRO League Eastern 2017"]
[Site "chess.com INT"]
[Date "2017.01.18"]
[Round "2"]
[White "Anwesh, Upadhyaya"]
[Black "Sai, Krishna G V"]
[Result "1/2-1/2"]
[WhiteTitle "IM"]
[BlackTitle "FM"]
[WhiteElo "2384"]
[BlackElo "2339"]
[WhiteTeam "Odisha Express"]
[BlackTeam "Amaravati Yodhas"]
[WhiteFideId "5028949"]
[BlackFideId "5028280"]
[EventDate "2017.01.11"]

1. e4 e5 2. Nf3 Nc6 3. Bb5 a6 4. Ba4 d6 5. O-O Nf6 6. Re1 b5 7. Bb3 Be7 8. c3
O-O 9. d4 Bg4 10. d5 Na5 11. Bc2 c6 12. h3 Bc8 13. dxc6 Nxc6 14. Nbd2 h6 15. Nf1
Be6 16. Ng3 Re8 17. Nh4 d5 18. exd5 Qxd5 19. Nhf5 Qxd1 20. Nxe7+ Rxe7 21. Rxd1
Rc8 22. Be3 Nb4 23. Bb1 Nbd5 24. Bd2 Rd7 25. Re1 Nf4 26. Nf1 Nd3 27. Bxd3 Rxd3
28. Rxe5 Rcd8 29. Re2 Nd5 30. Rc1 a5 31. b3 a4 32. bxa4 bxa4 33. c4 Ne7 34. Be3
Rc8 35. c5 Nc6 36. Rb2 a3 37. Rd2 Rxd2 38. Bxd2 Ra8 39. Ra1 Rb8 40. Bc1 Nb4 41.
Ne3 Ra8 42. Bd2 Nd3 43. c6 Rc8 44. Bc1 Rxc6 45. Bxa3 Ra6 46. Bc1 Rxa2 47. Rxa2
Bxa2 48. Bd2 Be6 49. h4 f5 50. Nd1 Kf7 51. g3 Ne5 52. Bc3 Nc4 53. Ne3 Nxe3 54.
fxe3 1/2-1/2

[Event "PRO League Eastern 2017"]
[Site "chess.com INT"]
[Date "2017.01.18"]
[Round "2"]
[White "Aradhya, Garg"]
[Black "Swapnil, S. Dhopade"]
[Result "0-1"]
[BlackTitle "GM"]
[WhiteElo "2230"]
[BlackElo "2527"]
[WhiteTeam "Delhi Dynamite"]
[BlackTeam "Mumbai Movers"]
[WhiteFideId "25006746"]
[BlackFideId "5019184"]
[EventDate "2017.01.11"]

1. e4 c6 2. Nf3 d5 3. Nc3 Nf6 4. exd5 cxd5 5. Ne5 a6 6. d4 Nc6 7. Be2 Bf5 8. g4
Bg6 9. h4 Nb4 10. h5 Bxc2 11. Qd2 e6 12. f3 Qa5 13. Kf2 h6 14. a3 Bh7 15. axb4
Qxa1 16. Nb5 Rc8 17. g5 hxg5 18. Qxg5 axb5 19. h6 Rg8 20. hxg7 Bxg7 21. Bxb5+
Ke7 22. Rxh7 Qxc1 23. Qh4 Rc2+ 24. Be2 Qxb2 25. Qf4 Rxe2+ 26. Kg3 Bh6+ 27. Kh3
Bxf4 28. Rxf7+ Ke8 29. Rxf6 Rh2# 0-1

[Event "PRO League Eastern 2017"]
[Site "chess.com INT"]
[Date "2017.01.18"]
[Round "2"]
[White "Neiksans, Arturs"]
[Black "Jeran, Bostjan"]
[Result "1-0"]
[WhiteTitle "GM"]
[WhiteElo "2627"]
[BlackElo "2236"]
[WhiteTeam "Riga Magicians"]
[BlackTeam "Ljubljana Direwolves"]
[WhiteFideId "11601388"]
[BlackFideId "14604612"]
[EventDate "2017.01.11"]

1. e4 d6 2. d4 Nf6 3. Nc3 g6 4. f4 Bg7 5. Nf3 O-O 6. Bd3 Na6 7. O-O c5 8. d5 Rb8
9. Qe2 Nc7 10. a4 a6 11. a5 b5 12. axb6 Rxb6 13. Nd2 Bg4 14. Qe1 Nb5 15. Nc4 Rb8
16. Rxa6 Nd4 17. Ra7 Ra8 18. Rxa8 Qxa8 19. Qh4 Bd7 20. h3 Bb5 21. Nxb5 Nxb5 22.
c3 Qb7 23. f5 Ra8 24. Bh6 Nc7 25. fxg6 hxg6 26. Nxd6 Qxb2 27. e5 Ra2 28. Be4
Nxe4 29. Qxe4 exd6 30. exd6 f5 31. Qf3 Nb5 32. Bxg7 Kxg7 33. d7 Ra8 34. Qe3 Qxc3
35. Qe7+ Kh6 36. d8=Q Qd4+ 37. Kh1 Rxd8 38. Qxd8 c4 39. Qf8+ Kh5 40. Qe7 Kh6 41.
h4 1-0

[Event "PRO League Eastern 2017"]
[Site "chess.com INT"]
[Date "2017.01.18"]
[Round "2"]
[White "Neiksans, Arturs"]
[Black "Skoberne, Jure"]
[Result "1/2-1/2"]
[WhiteTitle "GM"]
[BlackTitle "GM"]
[WhiteElo "2627"]
[BlackElo "2542"]
[WhiteTeam "Riga Magicians"]
[BlackTeam "Ljubljana Direwolves"]
[WhiteFideId "11601388"]
[BlackFideId "14604299"]
[EventDate "2017.01.11"]

1. e4 e6 2. d3 d5 3. Nd2 c5 4. Ngf3 Nc6 5. g3 Nf6 6. Bg2 Be7 7. O-O O-O 8. Re1
Qc7 9. Nf1 dxe4 10. dxe4 Rd8 11. Qe2 b6 12. c3 a5 13. e5 Nd5 14. Qe4 h6 15. Ne3
Nxe3 16. Bxe3 Bb7 17. Qg4 Kh8 18. Qh5 Bf8 19. Bf4 Kg8 20. Qg4 Kh8 21. h4 Ne7 22.
Qh5 Nf5 23. Rad1 Kg8 24. Nh2 Bxg2 25. Kxg2 Rxd1 26. Rxd1 Rd8 27. Qf3 Rxd1 28.
Qxd1 Qc6+ 29. Nf3 Qe4 30. Kg1 c4 31. Nd2 Qd5 32. a4 Qc6 33. Qc2 Be7 34. Ne4 b5
35. axb5 Qxb5 36. Qe2 a4 37. h5 a3 38. bxa3 Bxa3 39. Kh2 Qd5 40. Bxh6 Nxh6 41.
f4 Qd3 42. Qxd3 cxd3 43. Kg2 Bc1 44. Kf3 Nf5 45. Nf2 d2 46. Nd1 Ne7 47. Ke4 Kf8
48. g4 Ke8 49. f5 exf5+ 50. gxf5 f6 51. exf6 gxf6 52. c4 Ng8 53. Kd5 Kd7 54. c5
Nh6 55. c6+ Ke7 56. c7 Kd7 57. c8=Q+ Kxc8 58. Ke6 Ng4 59. h6 Nxh6 60. Kxf6 Kd7
61. Kg6 Ng4 62. f6 Ke6 63. f7 Ne5+ 64. Kg5 Nxf7+ 65. Kf4 Kd5 66. Ke3 Kc4 67. Ke2
Ne5 68. Nf2 Kc3 69. Ne4+ Kc2 70. Nxd2 Bxd2 71. Kf2 Kd3 72. Kf1 Ke3 73. Kg2 Be1
74. Kf1 Bg3 75. Kg2 Kf4 76. Kh3 Bf2 77. Kg2 Ng4 78. Kh3 Ne3 79. Kh2 Kf3 80. Kh1
Nd1 81. Kh2 Nc3 82. Kh1 Ne2 83. Kh2 Ng3 84. Kh3 Bg1 85. Kh4 Ne4 86. Kh5 Kf4 87.
Kg6 Bd4 88. Kf7 Ke5 89. Ke7 Nf6 90. Kd8 Kd6 91. Kc8 Nd7 92. Kb7 Bb6 93. Ka6 Kc5
94. Kb7 Kb5 95. Ka8 Nc5 96. Kb8 Kc6 97. Ka8 Bc7 98. Ka7 Nd7 99. Ka8 Nb6+ 100.
Ka7 Bd6 101. Ka6 Bb8 102. Ka5 Nd5 103. Ka4 Be5 104. Kb3 Ne3 105. Kb4 Bd4 106.
Ka5 Nc2 107. Ka6 Bc5 108. Ka5 Nd4 109. Ka4 Kd5 110. Ka5 Kc6 111. Ka6 Nb3 1/2-1/2

[Event "PRO League Eastern 2017"]
[Site "chess.com INT"]
[Date "2017.01.18"]
[Round "2"]
[White "Jeran, Bostjan"]
[Black "Reimanis, Ritvars"]
[Result "0-1"]
[WhiteElo "2236"]
[BlackElo "2264"]
[WhiteTeam "Ljubljana Direwolves"]
[BlackTeam "Riga Magicians"]
[WhiteFideId "14604612"]
[BlackFideId "11602988"]
[EventDate "2017.01.11"]

1. Nf3 e6 2. b3 Be7 3. c4 d5 4. e3 Nf6 5. Bb2 O-O 6. g3 c5 7. Bg2 dxc4 8. bxc4
Nc6 9. O-O Rb8 10. Qb3 b6 11. d4 Na5 12. Qc2 Bb7 13. Nbd2 Rc8 14. Rac1 Qc7 15.
Qb1 Rfd8 16. Rfd1 Bc6 17. Ne5 Bxg2 18. Kxg2 Nc6 19. Ndf3 Bd6 20. Qa1 Bxe5 21.
dxe5 Ne8 22. Ng5 h6 23. Ne4 Qb7 24. f3 Ne7 25. g4 Ng6 26. Qb1 Qc7 27. f4 Qc6 28.
Kg3 h5 29. h3 h4+ 30. Kh2 Rxd1 31. Rxd1 Qa4 32. Qd3 Qxa2 33. Rd2 Qa4 34. Nd6 Rd8
35. f5 Nf8 36. e4 Qc6 37. g5 g6 38. fxg6 Nxg6 39. Qf3 Nxd6 40. Qf6 Nb7 41. Rxd8+
Nxd8 42. Qxd8+ Kh7 43. Qf6 Qd7 44. Bc3 a5 45. Kg2 a4 46. Qf3 Kg8 47. Qf2 Qd3 48.
Qf3 Qxc4 49. Be1 Qb5 50. Qd1 Qe8 51. Bf2 a3 52. Qb3 Qa8 53. Qa2 Qxe4+ 54. Kg1
Qa8 55. Be3 Qa7 56. Bf2 Qa8 57. Be3 Ne7 58. Bf2 Nf5 59. Kf1 Qa6+ 60. Kg1 Qa8 61.
Kf1 Ng7 62. Bxh4 Nf5 63. Bf2 Ne7 64. h4 Ng6 65. h5 Nf4 66. h6 Qh1+ 67. Bg1 Qf3+
68. Bf2 Qd1+ 69. Be1 Qd3+ 70. Kg1 Qd4+ 71. Kh2 Qxe5 72. Bg3 Qxg5 73. Qxa3 Ng6
74. Qa8+ Kh7 75. Qb7 Qxh6+ 76. Kg2 Qd2+ 77. Kh3 Kg7 78. Qxb6 Qd5 79. Qc7 Qh1+
80. Kg4 Qe4+ 81. Kh3 Qf5+ 82. Kg2 Qd5+ 83. Kh2 c4 84. Kh3 Qf5+ 85. Kh2 Qh5+ 86.
Kg2 Qd5+ 87. Kh2 e5 88. Kh3 e4 0-1

[Event "PRO League Eastern 2017"]
[Site "chess.com INT"]
[Date "2017.01.18"]
[Round "2"]
[White "Jeran, Bostjan"]
[Black "Kovalenko, Igor"]
[Result "1/2-1/2"]
[BlackTitle "GM"]
[WhiteElo "2236"]
[BlackElo "2684"]
[WhiteTeam "Ljubljana Direwolves"]
[BlackTeam "Riga Magicians"]
[WhiteFideId "14604612"]
[BlackFideId "14117908"]
[EventDate "2017.01.11"]

1. e4 c6 2. d3 d5 3. Nd2 g6 4. Ngf3 Bg7 5. Be2 e5 6. O-O Ne7 7. Re1 O-O 8. Bf1
Qc7 9. c3 h6 10. a4 a5 11. d4 exd4 12. Nxd4 Nd7 13. exd5 Nxd5 14. Ne4 Ne5 15. h3
Rd8 16. Qb3 Kh7 17. Be3 Nxe3 18. Rxe3 c5 19. Nb5 Qc6 20. Rae1 Be6 21. Qc2 Bd5
22. f4 Nc4 23. Bxc4 Bxc4 24. f5 Ra6 25. Qf2 Bd3 26. Rxd3 Rxd3 27. Nxc5 Rd5 28.
fxg6+ fxg6 29. Nxa6 bxa6 30. Nd4 Qxa4 31. Qf7 Rd7 32. Re7 Rxe7 33. Qxe7 Qa1+ 34.
Kh2 Qxb2 35. Qc7 a4 36. Qf7 Qxc3 37. Ne6 Kh8 38. Qe8+ Kh7 39. Qf7 Qe5+ 40. Kh1
Qa1+ 41. Kh2 Qe5+ 42. Kh1 Qa1+ 43. Kh2 Qe5+ 44. Kh1 1/2-1/2

[Event "PRO League Eastern 2017"]
[Site "chess.com INT"]
[Date "2017.01.18"]
[Round "2"]
[White "Ankit, R. Rajpara"]
[Black "Murali, Krishna G."]
[Result "1/2-1/2"]
[WhiteTitle "GM"]
[WhiteElo "2474"]
[BlackElo "2068"]
[WhiteTeam "Odisha Express"]
[BlackTeam "Amaravati Yodhas"]
[WhiteFideId "5023335"]
[BlackFideId "5018030"]
[EventDate "2017.01.11"]

1. Nf3 Nf6 2. g3 c5 3. Bg2 Nc6 4. O-O g6 5. d4 cxd4 6. Nxd4 Bg7 7. c4 O-O 8. Nc3
d6 9. Nxc6 bxc6 10. Bxc6 Bh3 11. Bg2 Bxg2 12. Kxg2 Qd7 13. Qd3 Qc6+ 14. Kg1 Rfc8
15. b3 d5 16. Nxd5 Nxd5 17. cxd5 Qc2 18. Rb1 Qxd3 19. exd3 Rd8 20. Re1 Bf6 21.
Ba3 Rxd5 22. Bxe7 Bxe7 23. Rxe7 Rxd3 24. Rc1 Rf3 25. Rc4 a5 26. Re5 a4 27. Rxa4
Rxa4 28. bxa4 Ra3 29. a5 Rxa2 30. g4 f6 31. Rb5 Kg7 32. Kg2 Ra3 33. f3 g5 34.
Rb7+ Kg6 35. Ra7 h5 36. gxh5+ Kxh5 37. a6 Kg6 38. Ra8 Kf5 39. a7 Kf4 40. Rf8
Rxa7 41. Rxf6+ Ke5 42. Rf8 Ra4 43. Kg3 Rb4 44. Rf7 Ra4 45. Rf8 Rb4 46. Re8+ Kf5
47. Re4 Rb1 48. Ra4 Rg1+ 49. Kf2 Rb1 50. Ra8 Ke5 51. Re8+ Kf5 52. Rf8+ Ke5 53.
Kg2 Ra1 54. Kg3 Rg1+ 55. Kh3 Ke6 56. Ra8 Kf5 57. Ra4 Kf6 58. Rg4 Rf1 59. Kg2 Ra1
60. Re4 Kf5 61. Kg3 Rg1+ 62. Kf2 Rh1 63. Kg2 Ra1 64. Rc4 Rb1 65. Kf2 Ra1 66. Rc8
Rb1 67. Rf8+ Ke5 68. Rd8 Ra1 69. Rd2 Kf4 70. Re2 Ra3 71. Re4+ Kf5 72. Rb4 Ra1
73. Rb7 Rc1 74. Rb5+ Kf4 75. Rb4+ Kf5 76. Kg3 Rg1+ 77. Kf2 Rh1 78. Kg2 Ra1 79.
Rb5+ Kf4 80. Rb4+ Kf5 81. h4 gxh4 82. Rxh4 Ra8 83. Rh7 Kf4 84. Rf7+ Ke3 85. Kh3
Rg8 86. f4 Kf3 87. Kh4 Rg4+ 88. Kh5 Rxf4 89. Rxf4+ Kxf4 1/2-1/2

[Event "PRO League Eastern 2017"]
[Site "chess.com INT"]
[Date "2017.01.18"]
[Round "2"]
[White "Ankit, R. Rajpara"]
[Black "Dhulipalla, Bala Chandra Prasad"]
[Result "0-1"]
[WhiteTitle "GM"]
[WhiteElo "2474"]
[BlackElo "2353"]
[WhiteTeam "Odisha Express"]
[BlackTeam "Amaravati Yodhas"]
[WhiteFideId "5023335"]
[BlackFideId "25005812"]
[EventDate "2017.01.11"]

1. e4 e5 2. Nf3 Nc6 3. Bc4 Nf6 4. Ng5 d5 5. exd5 Na5 6. Bb5+ c6 7. dxc6 bxc6 8.
Bd3 Nd5 9. Nf3 Bd6 10. O-O O-O 11. Re1 Re8 12. Nc3 f5 13. Nxd5 cxd5 14. Bb5 Bd7
15. Bxd7 Qxd7 16. d3 Nc6 17. c3 Bc7 18. b4 e4 19. dxe4 fxe4 20. Nd4 Ne5 21. Re3
Ng4 22. Rh3 Rf8 23. Be3 Rf6 24. Qe2 Raf8 25. Rf1 Bb6 26. Rg3 Ne5 27. Qb5 Qf7 28.
Qe2 Qd7 29. Qb5 Qf7 30. Qe2 Nd3 31. f3 Bc7 32. Rh3 Bb6 33. Rd1 Bxd4 34. cxd4
Nxb4 35. fxe4 dxe4 36. a3 Nd5 37. Rc1 Nc3 0-1

[Event "PRO League Eastern 2017"]
[Site "chess.com INT"]
[Date "2017.01.18"]
[Round "2"]
[White "Cawdery, Daniel"]
[Black "Salomon, Johan"]
[Result "0-1"]
[WhiteTitle "IM"]
[BlackTitle "IM"]
[WhiteElo "2418"]
[BlackElo "2470"]
[WhiteTeam "Johannesburg Koeksisters"]
[BlackTeam "Norway Gnomes"]
[WhiteFideId "14300249"]
[BlackFideId "1509500"]
[EventDate "2017.01.11"]

1. e4 c5 2. Nf3 d6 3. d4 cxd4 4. Qxd4 Nf6 5. Bb5+ Nc6 6. Nc3 Bd7 7. Qd3 a6 8.
Bxc6 Bxc6 9. Bg5 e6 10. O-O-O Be7 11. Nd4 Qa5 12. f4 Rd8 13. Kb1 h6 14. Bh4 g5
15. fxg5 hxg5 16. Nb3 Qb4 17. Bxg5 Nxe4 18. Bxe7 Kxe7 19. Nxe4 Qxe4 20. Qc3 Qxg2
21. Rhf1 e5 22. Rfe1 f6 23. Nd4 Be4 24. Rd2 Qg6 25. Rde2 f5 26. Nb3 Rc8 27. Qb4
Rc7 28. Ka1 b5 29. Nd2 Rh4 30. c4 Qg4 31. Nxe4 fxe4 32. a3 Rxc4 33. Qa5 Qc8 34.
Rg2 Rc1+ 35. Rxc1 Qxc1+ 36. Ka2 Qc6 37. Qe1 Rf4 38. Qg3 Qd5+ 39. b3 Qf7 40. h4
Rf3 41. Qg5+ Kd7 42. Rb2 e3 43. Qg4+ Kd8 44. Rc2 Rf2 45. Qc8+ Ke7 46. Qc7+ Ke6
47. Qc8+ Kf6 48. Qd8+ Kf5 49. Qg5+ Ke6 50. Qg4+ Kf6 51. Qg5+ Ke6 52. Qg4+ Kd5
53. Qd1+ Ke4 54. Qg4+ Qf4 55. Qg6+ Qf5 56. Qxf5+ Kxf5 0-1

[Event "PRO League Eastern 2017"]
[Site "chess.com INT"]
[Date "2017.01.18"]
[Round "2"]
[White "Cawdery, Daniel"]
[Black "Getz, Nicolai"]
[Result "0-1"]
[WhiteTitle "IM"]
[BlackTitle "IM"]
[WhiteElo "2418"]
[BlackElo "2420"]
[WhiteTeam "Johannesburg Koeksisters"]
[BlackTeam "Norway Gnomes"]
[WhiteFideId "14300249"]
[BlackFideId "1505572"]
[EventDate "2017.01.11"]

1. e4 e5 2. Nf3 Nc6 3. Bc4 Bc5 4. c3 Nf6 5. d4 exd4 6. cxd4 Bb4+ 7. Bd2 Nxe4 8.
Bxb4 Nxb4 9. Bxf7+ Kxf7 10. Qb3+ Ke8 11. Qxb4 Qe7 12. Qxe7+ Kxe7 13. O-O Re8 14.
Re1 Kf8 15. Na3 c6 16. Ne5 Nf6 17. Nac4 Re6 18. Nd3 d5 19. Nce5 Re7 20. Rac1 Bf5
21. Nc5 Ne4 22. Nxe4 dxe4 23. Rc5 Be6 24. Rxe4 Bxa2 25. Rc1 Bd5 26. Ree1 a5 27.
f3 Ra6 28. Ra1 Ke8 29. Kf2 Kd8 30. Nd3 Rxe1 31. Kxe1 Kc7 32. Kd2 Ra8 33. Re1 Kd6
34. Nc5 b6 35. Na4 Rb8 36. Nc3 b5 37. Re5 a4 38. Ne4+ Bxe4 39. fxe4 Ra8 40. Kc3
a3 41. bxa3 Rxa3+ 42. Kb2 Rd3 43. Rg5 g6 44. e5+ Kd5 45. Rg4 Re3 46. Kc2 b4 47.
Kd2 b3 48. Kc1 Re2 49. h4 Kc4 50. h5 gxh5 51. Rh4 Rxg2 52. Rxh5 Kc3 53. Rh3+
Kxd4 54. Rxb3 Kxe5 55. Rh3 Rg7 56. Rh6 Rc7 57. Kd2 Kf5 58. Kc3 Kg5 59. Rh1 h5
60. Kd4 h4 61. Kc5 Kh5 62. Kd6 Rc8 63. Kd7 Rf8 64. Kxc6 Kg4 65. Kd5 Re8 66. Kd4
Kg3 67. Rg1+ Kf2 68. Rh1 Rh8 69. Ra1 h3 70. Ra2+ Kg3 71. Ra3+ Kg4 72. Ke3 h2 73.
Ra4+ Kf5 74. Rf4+ Ke6 0-1

[Event "PRO League Eastern 2017"]
[Site "chess.com INT"]
[Date "2017.01.18"]
[Round "2"]
[White "Debashis, Das"]
[Black "Sai, Krishna G V"]
[Result "1-0"]
[WhiteTitle "GM"]
[BlackTitle "FM"]
[WhiteElo "2472"]
[BlackElo "2339"]
[WhiteTeam "Odisha Express"]
[BlackTeam "Amaravati Yodhas"]
[WhiteFideId "5024854"]
[BlackFideId "5028280"]
[EventDate "2017.01.11"]

1. d4 Nf6 2. c4 g6 3. Nc3 Bg7 4. e4 d6 5. Be2 O-O 6. Be3 e5 7. d5 Nbd7 8. g4 Nc5
9. f3 a5 10. h4 h5 11. g5 Ne8 12. Nh3 Bd7 13. Qd2 a4 14. O-O-O a3 15. b3 Na6 16.
Kb1 c5 17. dxc6 bxc6 18. c5 d5 19. Nxd5 Bxh3 20. Nb6 Bg2 21. Qxd8 Rxd8 22. Rxd8
Bxh1 23. Bxa6 Nc7 24. Rxf8+ Bxf8 25. Be2 f5 26. gxf6 Kf7 27. Nd7 Ne6 28. Bc4
Bxf3 29. Nxf8 Bxe4+ 30. Kc1 g5 31. Nxe6 gxh4 32. Ng5+ Kxf6 33. Nxe4+ Kf5 34. Nf2
h3 35. Nxh3 Kg4 36. Kd2 Kxh3 37. Be6+ Kg2 38. Bd7 e4 39. Bxc6 h4 40. Bd7 h3 41.
Bxh3+ Kf3 42. c6 Kg3 43. c7 Kh2 44. c8=Q Kh1 45. Qg4 Kh2 46. Qg2# 1-0

[Event "PRO League Eastern 2017"]
[Site "chess.com INT"]
[Date "2017.01.18"]
[Round "2"]
[White "Debashis, Das"]
[Black "Kotepalli, Sai Nirupama"]
[Result "1-0"]
[WhiteTitle "GM"]
[BlackTitle "WFM"]
[WhiteElo "2472"]
[BlackElo "1978"]
[WhiteTeam "Odisha Express"]
[BlackTeam "Amaravati Yodhas"]
[WhiteFideId "5024854"]
[BlackFideId "5039444"]
[EventDate "2017.01.11"]

1. d4 Nc6 2. Nf3 d5 3. c4 Bg4 4. cxd5 Bxf3 5. gxf3 Qxd5 6. e3 e6 7. Nc3 Qh5 8.
f4 Qxd1+ 9. Kxd1 O-O-O 10. Bg2 Nge7 11. Ke2 Nd5 12. Bd2 Nce7 13. Rhc1 c6 14. a3
Kb8 15. Ne4 h6 16. b4 Nc8 17. Rab1 Be7 18. a4 a6 19. b5 axb5 20. axb5 cxb5 21.
Rxb5 Na7 22. Rb3 Rd7 23. Nc3 Rc8 24. Rcb1 Rcc7 25. Nxd5 exd5 26. Bh3 Rd6 27. Ba5
Rc2+ 28. Kd3 1-0

[Event "PRO League Eastern 2017"]
[Site "chess.com INT"]
[Date "2017.01.18"]
[Round "2"]
[White "Simonovic, Miroslav"]
[Black "Vertetics, Attila"]
[Result "0-1"]
[WhiteTitle "CM"]
[BlackTitle "IM"]
[WhiteElo "2219"]
[BlackElo "2416"]
[WhiteTeam "Belgrade Sparrows"]
[BlackTeam "Budapest Gambit"]
[WhiteFideId "919152"]
[BlackFideId "723720"]
[EventDate "2017.01.11"]

1. c4 e5 2. e4 Bc5 3. Nc3 Nc6 4. g3 d6 5. Bg2 h5 6. h3 h4 7. g4 Nge7 8. Nge2 Ng6
9. d3 Nd4 10. a3 a5 11. b3 c6 12. Be3 Qf6 13. Bxd4 exd4 14. Nb1 d5 15. Nd2 Ne5
16. Nc1 dxc4 17. Nxc4 g5 18. Nxe5 Qxe5 19. Ne2 Qd6 20. Qc1 f6 21. O-O Be6 22. b4
Bb6 23. f4 Rg8 24. Qb2 a4 25. Rae1 O-O-O 26. Nc1 gxf4 27. Qc2 f3 28. Rxf3 Bc7
29. Qxa4 Kb8 30. b5 Bxg4 31. hxg4 Qh2+ 32. Kf1 Rxg4 33. Re2 Rdg8 34. Qc2 h3 35.
Rxh3 Rf4+ 36. Ke1 Qg1+ 37. Kd2 Ba5+ 0-1

[Event "PRO League Eastern 2017"]
[Site "chess.com INT"]
[Date "2017.01.18"]
[Round "2"]
[White "Shaposhnikov, Evgeny"]
[Black "Aghasiyev, Kamal"]
[Result "0-1"]
[WhiteTitle "GM"]
[BlackTitle "IM"]
[WhiteElo "2557"]
[BlackElo "2411"]
[WhiteTeam "Gorky Stormbringers"]
[BlackTeam "Shymkent Nomads"]
[WhiteFideId "4122232"]
[BlackFideId "13402854"]
[EventDate "2017.01.11"]

1. Nf3 Nf6 2. c4 g6 3. Nc3 Bg7 4. e4 d6 5. d4 O-O 6. Be2 e5 7. O-O Nbd7 8. Be3
Ng4 9. Bg5 f6 10. Bh4 g5 11. Bg3 Nh6 12. dxe5 fxe5 13. Rc1 a5 14. Nb5 Nc5 15. b3
Kh8 16. Nd2 Ng8 17. Bg4 Nf6 18. Bxc8 Rxc8 19. Qe2 Ne6 20. f3 Nh5 21. Bf2 Nhf4
22. Qd1 c6 23. Nc3 Nd3 24. Rc2 Nxf2 25. Rxf2 Nd4 26. Rc1 g4 27. Ne2 Qb6 28. Nxd4
Qxd4 29. Nf1 Qc5 30. Rc3 Bh6 31. Qe2 gxf3 32. Rxf3 Rxf3 33. gxf3 b5 34. Kg2 Bf4
35. Ng3 Rg8 36. cxb5 cxb5 37. Qc2 Rc8 38. Qxc5 dxc5 39. Nf5 c4 40. bxc4 Rxc4 41.
Kh3 b4 42. Rg2 Rc3 43. Ne7 Rxf3+ 44. Kg4 Rd3 45. Kf5 Rd8 46. Ke6 Ra8 47. Kf7 Be3
48. Rg3 Bh6 49. Rh3 Rf8+ 50. Ke6 Ra8 51. Kf7 Rf8+ 52. Ke6 Ra8 53. Nc6 Bf4 54.
Kf7 h6 55. Ne7 Kh7 56. Nd5 Bg5 57. Rd3 Rb8 58. Ke6 a4 0-1

[Event "PRO League Eastern 2017"]
[Site "chess.com INT"]
[Date "2017.01.18"]
[Round "2"]
[White "Shaposhnikov, Evgeny"]
[Black "Jumabayev, Rinat"]
[Result "1-0"]
[WhiteTitle "GM"]
[BlackTitle "GM"]
[WhiteElo "2557"]
[BlackElo "2611"]
[WhiteTeam "Gorky Stormbringers"]
[BlackTeam "Shymkent Nomads"]
[WhiteFideId "4122232"]
[BlackFideId "13702661"]
[EventDate "2017.01.11"]

1. Nf3 Nf6 2. c4 e6 3. Nc3 d5 4. d4 c6 5. e3 Nbd7 6. Bd3 dxc4 7. Bxc4 b5 8. Be2
Bb7 9. O-O Be7 10. e4 b4 11. e5 bxc3 12. exf6 Nxf6 13. bxc3 O-O 14. Rb1 Qc8 15.
c4 c5 16. Be3 Rd8 17. Qb3 Be4 18. Rbd1 Rb8 19. Qc3 Qc7 20. h3 h6 21. Rc1 Qb7 22.
dxc5 Nd7 23. Rfd1 Nxc5 24. Bd4 Bf8 25. Qe3 Rbc8 26. Rd2 Qa8 27. Bxc5 Rxd2 28.
Nxd2 Bxg2 29. Bxf8 Rxf8 30. Bf3 Bxf3 31. Nxf3 Rc8 32. c5 Qd5 33. a3 a6 34. Kg2
f6 35. Qd4 Qc6 36. Rc4 e5 37. Qd6 Kf7 38. Qxc6 Rxc6 39. Nd2 Ke6 40. Nb3 Kd5 41.
Rb4 Rc7 42. Kf3 f5 43. Rb6 g5 44. Rxh6 e4+ 45. Ke2 Kc4 46. Rb6 f4 47. Nd2+ Kxc5
48. Rb4 e3 49. fxe3 Re7 50. Re4 Rh7 51. Rc4+ Kb6 52. exf4 1-0

[Event "PRO League Eastern 2017"]
[Site "chess.com INT"]
[Date "2017.01.18"]
[Round "2"]
[White "Pristalov, Evgeny"]
[Black "Aghasiyev, Kamal"]
[Result "0-1"]
[BlackTitle "IM"]
[WhiteElo "2213"]
[BlackElo "2411"]
[WhiteTeam "Gorky Stormbringers"]
[BlackTeam "Shymkent Nomads"]
[WhiteFideId "24128937"]
[BlackFideId "13402854"]
[EventDate "2017.01.11"]

1. e4 e5 2. Nf3 Nc6 3. Bc4 Nf6 4. Ng5 d5 5. exd5 Na5 6. Bb5+ c6 7. dxc6 bxc6 8.
Bd3 Nd5 9. Nf3 Bd6 10. O-O O-O 11. Re1 Qc7 12. Bf1 Bg4 13. d3 f5 14. Nc3 Rae8
15. h3 Bh5 16. Be2 Nxc3 17. bxc3 e4 18. Nd4 Bg6 19. Bh5 Qf7 20. Be2 Bb8 21. f4
exf3 22. Nxf3 Qc7 23. Rb1 Bh5 24. Rxb8 Qxb8 25. Ba3 Qg3 26. Nd4 Rf6 27. Rf1 Bxe2
28. Nxe2 Qe3+ 29. Rf2 c5 30. Bc1 Qe6 31. Bg5 Rg6 32. Bf4 Qxa2 33. Kh2 Nc6 34.
Bg3 Rf6 35. Bh4 Rff8 36. Ng3 Qe6 37. Qf3 Qd6 38. Bg5 Ne5 39. Qd1 Ng6 40. Rf3 h6
41. Bd2 Nh4 42. Bf4 Nxf3+ 43. Qxf3 Qe6 44. Nh5 Kh7 45. Qb7 Qf7 46. Qf3 a5 47.
Bd6 Rg8 48. Bxc5 Qc7+ 49. Nf4 Qxc5 50. d4 Qd6 51. Qg3 g5 0-1

[Event "PRO League Eastern 2017"]
[Site "chess.com INT"]
[Date "2017.01.18"]
[Round "2"]
[White "Pristalov, Evgeny"]
[Black "Jumabayev, Rinat"]
[Result "0-1"]
[BlackTitle "GM"]
[WhiteElo "2213"]
[BlackElo "2611"]
[WhiteTeam "Gorky Stormbringers"]
[BlackTeam "Shymkent Nomads"]
[WhiteFideId "24128937"]
[BlackFideId "13702661"]
[EventDate "2017.01.11"]

1. e4 c5 2. c3 Nf6 3. e5 Nd5 4. Nf3 d6 5. d4 cxd4 6. cxd4 e6 7. Nc3 dxe5 8. Nxe5
Nc6 9. Nxc6 bxc6 10. Be2 Be7 11. O-O O-O 12. Qc2 Qb6 13. Rd1 Ba6 14. Na4 Qb7 15.
Bxa6 Qxa6 16. Nc5 Bxc5 17. Qxc5 Qb5 18. Qc2 a5 19. b3 a4 20. Ba3 axb3 21. axb3
Rfc8 22. Bc5 Nf4 23. g3 Nd5 24. Ra4 Rab8 25. Rb1 Rd8 26. Ra7 Rb7 27. Ra4 h6 28.
Kg2 Rbd7 29. Rba1 Qb8 30. Ra6 Nc7 31. Rxc6 Qb7 32. Bb6 Nb5 33. Kh3 Nxd4 34. Bxd4
Rxd4 35. Rc1 Rd2 36. Qc5 Qxb3 37. Rc8 Rxc8 38. Qxc8+ Kh7 39. Kg2 Qd5+ 40. Kg1
Qd4 41. Rf1 Qe4 42. Qc3 Re2 43. Rd1 f5 44. Kf1 Rc2 45. Qxc2 Qxc2 46. Re1 Qd3+
47. Kg1 Qd5 48. f4 g5 49. Kf2 Kg6 50. Re3 Kf6 51. Re2 Qd4+ 52. Kf3 Qc3+ 53. Kg2
Qd3 54. Kf2 gxf4 55. gxf4 Qh3 56. Kg1 Qg4+ 0-1